01212nam a2200229 a 450000100100000000500170001000800410002702000180006804000250008608200150011110000350012624501670016126000430032830000270037149000720039850001220047050000800059250001380067271000540081070000460086483000720091000004674220201002053105.0180321s2015 dr a r 000 0 spa d a9789945900484 aDO-SdBNPbspacBNPHU axxxxbI37g1 aIncháustegui, María Isabel10aGuía de estudio módulo 0 :benseñanza-aprendizaje-evaluación de la lengua española del primer ciclo del nivel primario /cMaría Isabel Incháustegui. aSanto Domingo :bMINERD ;bOEI,c2015. a20 p. :bil. ;c28 cm.1 aDesarrollo profesional docente, enseñanza de la lengua española aPolítica de apoyo a los aprendizajes de los primeros grados de nivel primario en lectura, escritura y matemática. aRegional educativa 05 San Pedro de Macorís, 12 Higüey, y 17 Monte Plata aA la cabeza del título: Desarrollo Profesional Docente. Capacitación de Docentes para la Enseñanza de la la Lectura y Escritura1 aRepública DominicanabMinisterio de Educación12aOrganización de Estados Iberoamericanos 0aDesarrollo profesional docente, enseñanza de la lengua española